00621nam a22002057a 4500003000500000005001700005008004100022010001000063011001000073035001000083040000900093100002100102245008700123260003000210300001000240490002000250650002600270711009900296830002000395CHAP20220329140824.0971013s r 00010 d a58157 a59129 a63286 cCHAP00aSmith, Mervin G. aApplied research and development of agricultural credit ; relation and methodology a(s.l.) :b(s.e.),c(s.a.) a14 h. aDOC. IRCA/E/1-A14aCrédito agrícola.0 aReunión de Dirigentes de Crédito Agrícola de América Latina (n1d: 1966c: Guatemala)0 aDOC. IRCA/E/1-A